000
00328nam a2200145Ia 4500
003
LK-CoDNM
008
010623t xxu||||| |||| 00| 1 eng d
040
_a
LK-CoDNM
_d
LK-CoDNM
_e
LK-CoDNM
041
_a
eng
080
_a
902 DEU
245
_a
Deutshe Geschichte Band I
300
_b
? cm
650
_a
Architecture
942
_c
BK
999
_c
134172
_d
134172